| 000 | 00392nam a2200169Ia 4500 | ||
|---|---|---|---|
| 008 | 221030s9999 xx 000 0 und d | ||
| 020 | _a8120309251 | ||
| 041 | _aEnglish | ||
| 082 |
_a105.23 _bBla |
||
| 100 | _aU. D. Black | ||
| 245 | 0 | _aData Communications & Distributed Networks | |
| 250 | _a3rd | ||
| 260 |
_bPHI _aNew Delhi _c2002 |
||
| 300 | _a426 | ||
| 650 | _aComputers | ||
| 942 | _cBK | ||
| 999 |
_c328 _d328 |
||